Score 0/32 Timer 20:00
0 Plays Today
Actor Character % Correct
Dianna AgronQuinn Fabrey
96.6%
Chris ColferKurt Hummel
96.6%
Lea MicheleRachel Berry
95.6%
Jane LynchSue Sylvester
95.1%
Jenna UshkowitzTina Cohen-Chang
93.6%
Mark SallingNoah 'Puck' Puckerman
93.1%
Cory MonteithFinna Hudson
93.1%
Matthew MorrisonWill Schuster
93.1%
Jayma MaysEmma Pillsberry
92.1%
Amber RileyMercedes Jones
92.1%
Heather MorrisBrittany S. Pierce
91.1%
Naya RiveraSantana Lopez
91.1%
Harry Shum Jr.Mike Chang
90.6%
Kevin McHaleArtie Abrems
90.1%
Darren crissBlaine Anderson
88.7%
Chord OverstreetSam Evans
84.2%
Actor Character % Correct
Jessalyn GilsigTerri Schuster
83.3%
Lauren PotterBecky Jackson
82.3%
Idina MenzelShelby Corcoran
82.3%
Becca TobinKitty Wilde
80.3%
Ashley FinkLauren Zizes
78.8%
Melissa BenoistMarley Rose
78.8%
Kristin chenowethApril Rhodes
77.8%
Jacob ArtistJake Puckerman
77.8%
Blake JennerRyder Lynn
76.8%
Alex NewellWade 'Unique' Adams
74.9%
Mike O'MalleyBurt Hummel
73.9%
Dot JonesShannon Bieste
72.9%
Vanessa LengiesSugar Motta
70.4%
Damian McGintyRory Flanagan
68.5%
Samuel LarsenJoe Hart
67.5%
Trisha Rae StahlMrs. Rose
21.2%

You're not logged in!

Compare scores with friends on all Sporcle quizzes.
OR
Log In

Sporcle TV

Today on Sporcle TV


Watch our educational content, quiz creation guides, and fun videos on Sporcle TV.

Show Comments

Extras

Created Oct 28, 2013ReportNominate
Tags:Actor Quiz, Cast Quiz, Character, glee

Top Quizzes Today


Score Distribution

Paid Content

Your Account Isn't Verified!

In order to create a playlist on Sporcle, you need to verify the email address you used during registration. Go to your Sporcle Settings to finish the process.

Report this User

Report this user for behavior that violates our Community Guidelines.

Details: